[Event "World Blitz 2025"]
[Site "Doha QAT"]
[Date "2025.12.29"]
[Round "1.45"]
[White "Dau Khuong Duy"]
[Black "Pichot, Alan"]
[Result "1/2-1/2"]
[WhiteTitle "IM"]
[BlackTitle "GM"]
[WhiteElo "2489"]
[BlackElo "2597"]
[WhiteFideId "12424722"]
[BlackFideId "110973"]
[EventDate "2025.12.29"]

1. e4 e5 2. Nf3 Nc6 3. Bb5 a6 4. Ba4 b5 5. Bb3 Na5 6. O-O d6 7. d4 exd4 8. Nxd4
Bb7 9. Bd2 Nxb3 10. Nxb3 Nf6 11. Re1 Be7 12. Na5 Qc8 13. Nc3 O-O 14. Qf3 Re8 15.
Nd5 Bxd5 16. exd5 Qg4 17. Qxg4 Nxg4 18. Nc6 Bf6 19. c3 Ne5 20. Nxe5 Bxe5 21. g3
f5 22. f4 Bf6 23. Kf2 Kf7 24. Rxe8 Kxe8 25. Ke2 Kd7 26. Kd3 Re8 27. Re1 Rh8 28.
b3 h6 29. Be3 Re8 30. Bf2 Rf8 31. Bd4 Bxd4 32. Kxd4 Rf6 33. c4 bxc4 34. bxc4 g5
35. c5 dxc5+ 36. Kxc5 gxf4 37. gxf4 Rb6 38. Re5 Rb5+ 39. Kc4 Rb2 40. Rxf5 Rxh2
41. Rf7+ Kd8 42. Rf6 a5 43. a4 h5 44. Kb5 Rd2 45. Rf5 h4 46. Rh5 h3 47. Rxh3
Rxd5+ 48. Kc4 Rf5 49. Rd3+ 1/2-1/2

[Event "World Blitz 2025"]
[Site "Doha QAT"]
[Date "2025.12.29"]
[Round "1.46"]
[White "Rapport, Richard"]
[Black "Rakotomaharo, Fy Antenaina"]
[Result "1-0"]
[WhiteTitle "GM"]
[BlackTitle "IM"]
[WhiteElo "2741"]
[BlackElo "2434"]
[WhiteFideId "738590"]
[BlackFideId "13100050"]
[EventDate "2025.12.29"]

1. e4 e5 2. Nf3 Nc6 3. Bc4 Bc5 4. c3 Nf6 5. d3 d6 6. h3 a5 7. O-O h6 8. d4 Bb6
9. Re1 Qe7 10. Bb5 Bd7 11. Na3 O-O 12. Nc4 Nxd4 13. Nxd4 exd4 14. Nxb6 cxb6 15.
Bxd7 Nxd7 16. Qxd4 Rfe8 17. Bf4 Ne5 18. Rad1 b5 19. Qxd6 Qxd6 20. Rxd6 Nc4 21.
Rd5 Nxb2 22. f3 Rad8 23. Rb1 Na4 24. Rb3 Rxd5 25. exd5 Re2 26. d6 Rxa2 27. Rxb5
Ra1+ 28. Kh2 Rd1 29. c4 Nc3 30. Rxb7 Ne2 31. d7 Kh7 32. Be3 a4 33. Bb6 1-0

[Event "World Blitz 2025"]
[Site "Doha QAT"]
[Date "2025.12.29"]
[Round "1.47"]
[White "Aditya, Mittal"]
[Black "Gukesh, D"]
[Result "0-1"]
[WhiteTitle "GM"]
[BlackTitle "GM"]
[WhiteElo "2624"]
[BlackElo "2754"]
[WhiteFideId "35042025"]
[BlackFideId "46616543"]
[EventDate "2025.12.29"]

1. e4 c6 2. d4 d5 3. exd5 cxd5 4. c4 Nf6 5. Nc3 Nc6 6. Nf3 a6 7. cxd5 Nxd5 8.
Bc4 Be6 9. Ng5 Nxc3 10. Bxe6 Nxd1 11. Bxf7+ Kd7 12. Be6+ Kc7 13. Bf4+ Kb6 14.
Rxd1 Ka7 15. O-O Qa5 16. d5 Nd8 17. Rc1 Rb8 18. Bc7 Nxe6 19. Nxe6 Qxd5 20. Nf4
Qf7 0-1

[Event "World Blitz 2025"]
[Site "Doha QAT"]
[Date "2025.12.29"]
[Round "1.48"]
[White "Dominguez Perez, Leinier"]
[Black "Cunha, Lucas Aguiar"]
[Result "1-0"]
[WhiteTitle "GM"]
[BlackTitle "FM"]
[WhiteElo "2738"]
[BlackElo "2263"]
[WhiteFideId "3503240"]
[BlackFideId "2125404"]
[EventDate "2025.12.29"]

1. e4 c5 2. Nf3 e6 3. d4 cxd4 4. Nxd4 Nc6 5. Nc3 Qc7 6. Be3 a6 7. Qf3 Nf6 8.
O-O-O Nxd4 9. Bxd4 e5 10. Be3 d6 11. h3 Be6 12. g4 h6 13. g5 hxg5 14. Bxg5 Be7
15. Rg1 O-O-O 16. Nd5 Bxd5 17. exd5 Kb8 18. Kb1 Rc8 19. Bd3 Rcf8 20. a3 Nh5 21.
Be3 Qd7 22. Qe4 f5 23. Qb4 f4 24. Bb6 Ka8 25. f3 Ng3 26. Bf2 Rxh3 27. Qb6 Kb8
28. Bxa6 Qc7 29. Qa7+ Kc8 30. Rd3 Ne2 31. Qa8+ Qb8 32. Bxb7+ Kc7 33. Qa5+ Kxb7
34. Rb3+ 1-0

[Event "World Blitz 2025"]
[Site "Doha QAT"]
[Date "2025.12.29"]
[Round "1.49"]
[White "Ahmad, Khagan"]
[Black "Aravindh, Chithambaram VR."]
[Result "1-0"]
[WhiteTitle "IM"]
[BlackTitle "GM"]
[WhiteElo "2472"]
[BlackElo "2703"]
[WhiteFideId "13431552"]
[BlackFideId "5072786"]
[EventDate "2025.12.29"]

1. e4 e5 2. Nf3 Nc6 3. Nc3 Nf6 4. a3 d6 5. d4 exd4 6. Nxd4 Be7 7. Bb5 Bd7 8.
Nxc6 bxc6 9. Bd3 O-O 10. O-O Re8 11. h3 c5 12. f4 Bf8 13. Qf3 Bc6 14. Nd5 c4 15.
Bxc4 Rxe4 16. Qd3 Re8 17. Bd2 Nxd5 18. Bxd5 Qd7 19. Rae1 Bxd5 20. Qxd5 c6 21.
Qd3 d5 22. b4 f5 23. Re5 g6 24. Bc3 Bg7 25. Rxe8+ Rxe8 26. Bxg7 Qxg7 27. c4 d4
28. c5 Re4 29. b5 Qc7 30. b6 axb6 31. Qb3+ Kg7 32. cxb6 Qb7 33. a4 c5 34. a5 Re2
35. Qf3 Re4 36. Rb1 c4 37. a6 Qxa6 38. b7 Re8 39. Qd5 Kh6 40. b8=Q Rxb8 41. Rxb8
Qa1+ 42. Kh2 d3 43. Qd6 Qg7 44. Rc8 Qf7 45. g4 Qb7 46. Qf8+ 1-0

[Event "World Blitz 2025"]
[Site "Doha QAT"]
[Date "2025.12.29"]
[Round "1.50"]
[White "Safarli, Eltaj"]
[Black "Urkedal, Frode Olav Olsen"]
[Result "1-0"]
[WhiteTitle "GM"]
[BlackTitle "GM"]
[WhiteElo "2644"]
[BlackElo "2568"]
[WhiteFideId "13402129"]
[BlackFideId "1506102"]
[EventDate "2025.12.29"]

1. e4 e5 2. Nf3 Nc6 3. Bb5 a6 4. Ba4 Nf6 5. Nc3 Be7 6. Bxc6 dxc6 7. h3 Qd6 8.
O-O Be6 9. d4 Nd7 10. Be3 O-O-O 11. Qe2 Qb4 12. a3 Qxb2 13. Qd2 exd4 14. Nxd4
Ne5 15. Rfb1 Nc4 16. Qe1 Nxe3 17. fxe3 1-0

[Event "World Blitz 2025"]
[Site "Doha QAT"]
[Date "2025.12.29"]
[Round "1.51"]
[White "Harikrishnan, A. Ra"]
[Black "Alekseenko, Kirill"]
[Result "0-1"]
[WhiteTitle "GM"]
[BlackTitle "GM"]
[WhiteElo "2531"]
[BlackElo "2659"]
[WhiteFideId "5081483"]
[BlackFideId "4135539"]
[EventDate "2025.12.29"]

1. Nf3 d5 2. g3 Nd7 3. d4 Nb6 4. Nc3 Bf5 5. Nh4 Bd7 6. Bg2 e6 7. e4 dxe4 8. Nxe4
Bc6 9. Qd3 Be7 10. Nf3 Nf6 11. Nxf6+ Bxf6 12. c3 Qd7 13. O-O Bb5 14. Qd1 Bxf1
15. Qxf1 c6 16. h4 O-O 17. Ng5 Nd5 18. Qd3 Bxg5 19. hxg5 Rae8 20. Be4 f5 21.
gxf6 Nxf6 22. Bf4 Nxe4 23. Qxe4 Qd5 24. Qe3 Rf5 25. b3 Ref8 26. c4 Qd7 27. Re1
R8f6 28. Kg2 h6 29. Re2 b5 30. Be5 Rf8 31. Qe4 bxc4 32. bxc4 Qf7 33. f4 Qb7 34.
Bd6 R8f7 35. Qxe6 Rf6 36. Qe8+ Kh7 37. Qe4+ Rg6 38. f5 Rxd6 39. f6+ g6 40. Qe8
Rdd7 41. Qe6 c5+ 42. d5 Qb6 43. g4 Qd6 44. g5 Qf4 45. gxh6 Qg5+ 46. Kh1 Qxf6 47.
Rg2 Qxe6 0-1

[Event "World Blitz 2025"]
[Site "Doha QAT"]
[Date "2025.12.29"]
[Round "1.52"]
[White "Narayanan, S.L."]
[Black "Khubukshanov, Erdem"]
[Result "0-1"]
[WhiteTitle "GM"]
[BlackTitle "IM"]
[WhiteElo "2616"]
[BlackElo "2502"]
[WhiteFideId "5058422"]
[BlackFideId "54114527"]
[EventDate "2025.12.29"]

1. e4 c5 2. Nf3 d6 3. d4 cxd4 4. Nxd4 Nf6 5. Nc3 a6 6. Qd3 Nbd7 7. Be2 e6 8. a4
b6 9. Qg3 Bb7 10. f3 Be7 11. O-O O-O 12. Be3 Rc8 13. Rad1 Ne5 14. f4 Nc4 15.
Bxc4 Rxc4 16. e5 Nd5 17. Nxd5 Bxd5 18. Nf5 exf5 19. Rxd5 Qa8 20. Qf3 dxe5 21.
Rxe5 Bf6 22. Qxa8 Rxa8 23. Rxf5 Rxc2 24. b3 Re8 25. Bxb6 Ree2 26. Bf2 Rxf2 0-1

[Event "World Blitz 2025"]
[Site "Doha QAT"]
[Date "2025.12.29"]
[Round "1.53"]
[White "Xiao, Tong(QD)"]
[Black "Lazavik, Denis"]
[Result "1/2-1/2"]
[WhiteTitle "GM"]
[BlackTitle "GM"]
[WhiteElo "2555"]
[BlackElo "2605"]
[WhiteFideId "8622388"]
[BlackFideId "13515110"]
[EventDate "2025.12.29"]

1. b3 Nf6 2. Bb2 b6 3. Nf3 Bb7 4. g3 g6 5. Bg2 Bg7 6. d4 O-O 7. O-O e6 8. c4 Na6
9. Re1 d5 10. Nc3 dxc4 11. bxc4 c5 12. e3 cxd4 13. exd4 Rc8 14. Qa4 Qc7 15. Ne5
Bxg2 16. Kxg2 Qb7+ 17. Kg1 Rfd8 18. Rad1 Nb8 19. Ba3 Nbd7 20. Nb5 Nxe5 21. dxe5
Ne8 22. Qxa7 Qxa7 23. Nxa7 Rxd1 24. Rxd1 Ra8 25. Nb5 Bxe5 26. Rd7 Rc8 27. Na7
Ra8 28. Nb5 Kg7 29. f4 Bf6 30. Rb7 Bd8 31. Bb2+ Kg8 32. a3 Rc8 33. Na7 Ra8 34.
Nb5 Rc8 35. Na7 Ra8 36. Nb5 1/2-1/2

[Event "World Blitz 2025"]
[Site "Doha QAT"]
[Date "2025.12.29"]
[Round "1.54"]
[White "Mamedov, Rauf"]
[Black "Ohanyan, Emin"]
[Result "1/2-1/2"]
[WhiteTitle "GM"]
[BlackTitle "GM"]
[WhiteElo "2645"]
[BlackElo "2493"]
[WhiteFideId "13401653"]
[BlackFideId "13312022"]
[EventDate "2025.12.29"]

1. Nf3 d5 2. g3 g6 3. Bg2 Bg7 4. O-O e5 5. d3 Ne7 6. Nc3 Nbc6 7. e4 dxe4 8. dxe4
Bg4 9. Nb5 Nd4 10. Nbxd4 exd4 11. h3 Bxf3 12. Qxf3 O-O 13. Qb3 b6 14. h4 h5 15.
Bg5 Qd7 16. Rfe1 Rae8 17. e5 Nf5 18. Bf4 c5 19. a4 Re7 20. Qb5 Qe6 21. a5 Bh6
22. Bxh6 Nxh6 23. axb6 axb6 24. Ra6 Qf5 25. Rxb6 Rxe5 26. Rxe5 Qxe5 27. Qc4 Kg7
28. Bf3 Rc8 29. Rb7 Qf6 30. Bd5 Rf8 31. Qe2 Nf5 32. Qf3 Qe5 33. Rd7 Qe1+ 34. Kg2
Qe5 35. Bc4 Nd6 36. Bd5 Nf5 37. b3 Nd6 38. Bc6 Nf5 39. Be4 Nd6 40. Bd3 Re8 41.
Ra7 Re7 42. Rxe7 Qxe7 43. Qd5 Ne8 44. Bc4 Nf6 45. Qc6 Qe4+ 46. Qxe4 Nxe4 47. Bd3
Nd6 48. Kf3 f6 49. Kf4 Kf7 50. f3 Kg7 51. g4 Kh6 52. Ba6 Kg7 53. gxh5 gxh5 54.
Bd3 Kh6 55. Be4 Kg7 56. Bd5 Kh6 57. Be6 Kg7 58. Bf5 Kh6 59. Be4 Kg7 60. Bd3 Kh6
61. Kg3 Kg7 62. Kf2 Kf7 63. f4 Ke6 64. Bg6 Nf5 65. Bxh5 Nxh4 66. Bg4+ f5 67. Bh5
Kf6 68. Kg3 Ng6 1/2-1/2

[Event "World Blitz 2025"]
[Site "Doha QAT"]
[Date "2025.12.29"]
[Round "1.55"]
[White "Averin, Nikolay"]
[Black "Santos Latasa, Jaime"]
[Result "0-1"]
[WhiteTitle "FM"]
[BlackTitle "GM"]
[WhiteElo "2389"]
[BlackElo "2616"]
[WhiteFideId "24250473"]
[BlackFideId "2293307"]
[EventDate "2025.12.29"]

1. a3 Nf6 2. d4 e6 3. Nf3 b6 4. c4 Bb7 5. Nc3 d5 6. cxd5 Nxd5 7. Qc2 Nxc3 8.
bxc3 c5 9. e3 Nc6 10. Bd3 Rc8 11. Qb1 Be7 12. O-O h6 13. Rd1 Qc7 14. e4 O-O 15.
d5 exd5 16. exd5 Ne5 17. Nxe5 Qxe5 18. c4 Rfe8 19. Bb2 Qd6 20. a4 a5 21. Re1 Bf6
22. Qc2 Rcd8 23. h3 Bc8 24. Rab1 Bd7 25. Bxf6 Qxf6 26. Re2 Rxe2 27. Bxe2 Re8 28.
Bf1 g6 29. Qb2 Qxb2 30. Rxb2 Rb8 31. Ra2 g5 32. Bd3 Kg7 33. Kf1 Kf6 34. Ke2 Ke5
35. Ke3 f5 36. f4+ gxf4+ 37. Kf3 Rg8 38. Bf1 Rg3+ 39. Kf2 Rb3 40. Re2+ Kd6 41.
Ra2 Rb4 42. Kf3 Rxa4 43. Rb2 Rb4 44. Rc2 a4 45. Kxf4 a3 46. Bd3 Rb3 47. Bxf5 Rb2
48. Rxb2 axb2 49. Bb1 b5 50. cxb5 Bxb5 51. Ke4 Bf1 52. Kf3 c4 53. Ke3 Bd3 54.
Kd4 0-1

[Event "World Blitz 2025"]
[Site "Doha QAT"]
[Date "2025.12.29"]
[Round "1.56"]
[White "Amar, Elham"]
[Black "Orozbaev, Eldiyar"]
[Result "0-1"]
[WhiteTitle "GM"]
[BlackTitle "IM"]
[WhiteElo "2592"]
[BlackElo "2348"]
[WhiteFideId "1533533"]
[BlackFideId "13802240"]
[EventDate "2025.12.29"]

1. e4 e6 2. d4 d5 3. Nc3 Nf6 4. Bg5 h6 5. Bxf6 Qxf6 6. a3 c6 7. Nf3 Qd8 8. Bd3
Nd7 9. Qe2 Be7 10. O-O O-O 11. Rfe1 a5 12. exd5 Nf6 13. dxc6 bxc6 14. Ne4 Nd5
15. Qd2 Qc7 16. c4 Nf6 17. Qe2 Rd8 18. Rad1 Rb8 19. Nxf6+ Bxf6 20. c5 a4 21. Bc2
Qa5 22. Qe4 Rxb2 23. Rb1 Rxb1 24. Rxb1 Qc3 25. Bxa4 Bd7 26. h3 Rc8 27. Rb6 Qxa3
28. Bxc6 Bxc6 29. Rxc6 Rd8 30. Rb6 Bxd4 31. Nxd4 Qxc5 32. Rb1 Qxd4 33. Qxd4 Rxd4
34. g3 g5 35. Kg2 Kg7 36. Rb2 f5 37. Ra2 Kf6 38. Rb2 h5 39. Rb8 h4 40. gxh4 Rxh4
41. Rf8+ Ke5 42. Rg8 Kf4 43. Ra8 e5 44. Ra3 e4 45. Rb3 Rh7 46. Ra3 Rd7 47. Rb3
Rd3 48. Rb2 e3 49. Rb4+ Ke5 50. Rb5+ Ke4 51. fxe3 Rxe3 52. Rb4+ Ke5 53. Rb5+ Kf4
54. Rb4+ Re4 55. Rb2 Rd4 56. Rf2+ Ke5 57. Re2+ Re4 58. Ra2 Rd4 59. Re2+ Re4 60.
Ra2 Re3 61. Ra5+ Kf4 62. Ra4+ Re4 63. Ra2 Re1 64. Ra4+ Re4 65. Ra2 Re5 66. Ra4+
Re4 67. Ra2 Ke5 68. Ra5+ Kf6 69. Ra6+ Re6 70. Ra2 Kg6 71. Rb2 Kh5 72. Rb8 Re3
73. Rh8+ Kg6 74. Rg8+ Kf6 75. Rf8+ Ke5 76. Ra8 Rd3 77. Ra5+ Ke4 78. Ra8 Rd2+ 79.
Kg3 f4+ 80. Kg4 Rg2+ 81. Kh5 f3 82. Re8+ Kd3 83. Rd8+ Ke2 84. Re8+ Kf1 85. Ra8
Rg3 86. h4 gxh4 87. Kxh4 Kg2 88. Ra3 Rg8 0-1

[Event "World Blitz 2025"]
[Site "Doha QAT"]
[Date "2025.12.29"]
[Round "1.57"]
[White "Agmanov, Zhandos"]
[Black "Pranav, V"]
[Result "0-1"]
[WhiteTitle "IM"]
[BlackTitle "GM"]
[WhiteElo "2471"]
[BlackElo "2641"]
[WhiteFideId "13708309"]
[BlackFideId "25060783"]
[EventDate "2025.12.29"]

1. e4 e5 2. Nf3 Nc6 3. Bb5 a6 4. Ba4 Nf6 5. O-O Be7 6. Re1 b5 7. Bb3 d6 8. c3
O-O 9. h3 Na5 10. Bc2 c5 11. d4 Qc7 12. d5 Bd7 13. b3 Rfb8 14. Nbd2 Nb7 15. Qe2
Nd8 16. Nf1 a5 17. a4 c4 18. bxc4 bxa4 19. Bxa4 Bxa4 20. Rxa4 Nb7 21. Ba3 Nd7
22. Ra1 Nb6 23. Qc2 Nxa4 24. Qxa4 Nc5 25. Bxc5 Qxc5 26. Ne1 Rc8 27. Ne3 Bg5 28.
Nd3 Qc7 29. c5 Bxe3 30. fxe3 dxc5 31. Qc4 Qd6 32. Kh2 Qh6 33. Nxe5 Qd6 0-1

[Event "World Blitz 2025"]
[Site "Doha QAT"]
[Date "2025.12.29"]
[Round "1.58"]
[White "Wojtaszek, Radoslaw"]
[Black "Raja, Rithvik R"]
[Result "0-1"]
[WhiteTitle "GM"]
[BlackTitle "GM"]
[WhiteElo "2667"]
[BlackElo "2541"]
[WhiteFideId "1118358"]
[BlackFideId "35007394"]
[EventDate "2025.12.29"]

1. c4 e6 2. Nc3 Nf6 3. e4 c5 4. e5 Ng8 5. Nf3 Nc6 6. d4 cxd4 7. Nxd4 Nxe5 8.
Ndb5 a6 9. Nd6+ Bxd6 10. Qxd6 f6 11. Be3 Ne7 12. Bb6 Nf5 13. Qc5 d6 14. Qb4 Qd7
15. O-O-O Qc6 16. f4 Nd7 17. Bf2 Nc5 18. Be2 Qxg2 19. Bxc5 dxc5 20. Qxc5 Qc6 21.
Qb4 Bd7 22. Kb1 O-O-O 23. Rhe1 Kb8 24. Bd3 Bc8 25. Bxf5 exf5 26. Nd5 Be6 27. Nc3
Bxc4 28. Rc1 Bd3+ 29. Ka1 Qd6 30. Qa4 Rd7 31. Rcd1 Rhd8 32. Re3 Qc6 33. Qa5 Be4
34. Qxd8+ Rxd8 35. Rxd8+ Ka7 36. Rd1 g5 37. Rf1 Qc5 38. Ree1 Bd3 39. Rf3 Be4 40.
Rff1 Bc6 41. a3 h5 42. Rc1 Qe3 43. Rce1 Qd3 44. Rd1 Qc2 45. Rc1 Qxh2 46. fxg5
fxg5 47. Rxf5 g4 48. Rg5 g3 49. Rg7 g2 50. Na2 Qe5 51. Rh7 Qg5 0-1

[Event "World Blitz 2025"]
[Site "Doha QAT"]
[Date "2025.12.29"]
[Round "1.59"]
[White "Begmuratov, Khumoyun"]
[Black "Makarian, Rudik"]
[Result "1-0"]
[WhiteTitle "IM"]
[BlackTitle "GM"]
[WhiteElo "2451"]
[BlackElo "2524"]
[WhiteFideId "14210207"]
[BlackFideId "44105681"]
[EventDate "2025.12.29"]

1. e4 e5 2. Nf3 Nc6 3. Bc4 Nf6 4. d3 Be7 5. O-O d6 6. a4 Be6 7. Nbd2 Bxc4 8.
Nxc4 h6 9. c3 a5 10. Re1 O-O 11. h3 Re8 12. Qb3 b6 13. Ne3 Bf8 14. Bd2 Qd7 15.
Rad1 Rad8 16. Bc1 d5 17. exd5 Nxd5 18. Nc4 f6 19. Qb5 Bc5 20. d4 exd4 21. Rxe8+
Qxe8 22. cxd4 Bb4 23. Ne3 Nce7 24. Qxe8+ Rxe8 25. Bd2 Bxd2 26. Nxd2 Rd8 27. Rc1
Rd7 28. Kf1 Nb4 29. Rc4 Kf7 30. Ke2 h5 31. Nf3 g5 32. g3 Ned5 1-0

[Event "World Blitz 2025"]
[Site "Doha QAT"]
[Date "2025.12.29"]
[Round "1.60"]
[White "Le, Tuan Minh"]
[Black "Galaviz Medina, Sion Radamantys"]
[Result "0-1"]
[WhiteTitle "GM"]
[BlackTitle "IM"]
[WhiteElo "2598"]
[BlackElo "2514"]
[WhiteFideId "12401153"]
[BlackFideId "5123119"]
[EventDate "2025.12.29"]

1. d4 d5 2. Nf3 Nf6 3. Bf4 e6 4. e3 Bd6 5. Nbd2 O-O 6. Bd3 c5 7. c3 Qc7 8. Bxd6
Qxd6 9. Ne5 b6 10. Qe2 a5 11. O-O Ba6 12. Bxa6 Nxa6 13. f4 Nc7 14. Rf3 Ne4 15.
Rh3 Nxd2 16. Qxd2 Ne8 17. Qf2 f5 18. Qh4 Nf6 19. g4 fxg4 20. Nxg4 Ra7 21. Kh1 h6
22. Ne5 cxd4 23. cxd4 Ne4 24. Rg1 Rf6 25. Rf3 Kh7 26. Rg2 Qb4 27. Rf1 Rc7 28.
Rfg1 Qb5 29. Qg4 Qe8 30. h3 Qf8 31. Kh2 Qe8 32. Qe2 a4 33. a3 b5 34. Qg4 Nd6 35.
Qh4 Ne4 36. Ng4 Rg6 37. Qh5 Qf8 38. Qe5 Rc8 39. Qh5 Rc7 40. Ne5 Rxg2+ 41. Rxg2
Qf5 42. Qe8 Nf6 43. Qd8 Rc2 44. Nf3 Rxg2+ 45. Kxg2 Qc2+ 46. Kg1 Ne4 47. Qh4 Qd1+
48. Ne1 Qe2 49. Ng2 Nd2 50. Qg4 Nf3+ 0-1

[Event "World Blitz 2025"]
[Site "Doha QAT"]
[Date "2025.12.29"]
[Round "1.61"]
[White "Piliposyan, Robert"]
[Black "Dardha, Daniel"]
[Result "0-1"]
[WhiteTitle "IM"]
[BlackTitle "GM"]
[WhiteElo "2442"]
[BlackElo "2603"]
[WhiteFideId "13309978"]
[BlackFideId "240990"]
[EventDate "2025.12.29"]

1. d4 Nf6 2. Nf3 b6 3. g3 Bb7 4. c4 g6 5. Bg2 Bg7 6. O-O O-O 7. d5 e6 8. Nc3
exd5 9. cxd5 Re8 10. Nd4 Na6 11. Qc2 Nc5 12. Rd1 a5 13. Ndb5 a4 14. d6 cxd6 15.
Nxd6 Bxg2 16. Nxe8 Qxe8 17. Kxg2 Rc8 18. Be3 a3 19. Bd4 Ne6 20. Be5 Rc5 21. Bd6
axb2 22. Qxb2 Rc6 23. Be5 Ng5 24. f4 Ng4 25. Bxg7 Rxc3 26. Be5 Qa8+ 27. e4 Qxe4+
28. Kf1 Qh1+ 29. Ke2 Qg2+ 30. Ke1 Nf3# 0-1

[Event "World Blitz 2025"]
[Site "Doha QAT"]
[Date "2025.12.29"]
[Round "1.62"]
[White "Keymer, Vincent"]
[Black "Isanzhulov, Arystan"]
[Result "1/2-1/2"]
[WhiteTitle "GM"]
[BlackTitle "IM"]
[WhiteElo "2776"]
[BlackElo "2419"]
[WhiteFideId "12940690"]
[BlackFideId "13711644"]
[EventDate "2025.12.29"]

1. Nf3 Nf6 2. g3 d5 3. Bg2 e6 4. O-O Be7 5. d3 O-O 6. Nc3 b6 7. e4 dxe4 8. dxe4
Bb7 9. Nd4 Bb4 10. Bg5 Nbd7 11. e5 Bxg2 12. exf6 Bxf1 13. Nc6 Qc8 14. Nxb4 c5
15. Nbd5 exd5 16. Nxd5 Qb7 17. Kxf1 Nxf6 18. Bxf6 gxf6 19. Qg4+ Kh8 20. Qf5 Qc6
21. c4 Qe6 22. Qf4 Qe5 23. Qh4 Qg5 24. Qe4 Rae8 25. Qf3 Re6 26. Kg2 Qe5 27. Rd1
Qe4 28. Nf4 Qxf3+ 29. Kxf3 Re7 30. Rd6 Rb8 31. Rxf6 b5 32. cxb5 Rxb5 33. b3 Ra5
34. Rc6 c4 35. Rxc4 Rxa2 36. Rc8+ Kg7 37. Nh5+ Kh6 38. Nf4 Ra6 39. b4 Rd7 40.
Rc4 Rb6 41. h4 Rb5 42. g4 Rb6 43. g5+ Kg7 44. Kg4 h6 45. Nh5+ Kg6 46. Nf4+ Kh7
47. Nh5 hxg5 48. hxg5 Rdb7 49. f4 Rxb4 50. Nf6+ Kg6 51. Rc1 a5 52. Rh1 a4 53.
Rh6+ Kg7 54. Rh7+ Kg6 55. Rh6+ Kg7 56. Rh7+ Kg6 1/2-1/2

[Event "World Blitz 2025"]
[Site "Doha QAT"]
[Date "2025.12.29"]
[Round "1.63"]
[White "Sklokin, Sergey"]
[Black "Stefansson, Vignir Vatnar"]
[Result "1-0"]
[WhiteTitle "FM"]
[BlackTitle "GM"]
[WhiteElo "2407"]
[BlackElo "2519"]
[WhiteFideId "55730230"]
[BlackFideId "2308649"]
[EventDate "2025.12.29"]

1. e4 c5 2. Nf3 d6 3. d4 cxd4 4. Nxd4 Nf6 5. Nc3 Nc6 6. Bg5 g6 7. f3 Bg7 8. Be3
O-O 9. Qd2 d5 10. exd5 Nxd5 11. Nxc6 bxc6 12. Bd4 e5 13. Bc5 Re8 14. O-O-O Be6
15. Ne4 Qc7 16. Bc4 Red8 17. Qf2 Rab8 18. Bb3 a5 19. c3 h6 20. Qc2 f5 21. Nf2
Rb5 22. Ba3 Rbb8 23. Rhe1 Kh7 24. Nd3 f4 25. Bc5 Bf5 26. Qe2 Re8 27. Bc2 e4 28.
fxe4 Bxe4 29. Qf2 Qb7 30. Bb3 a4 31. Bxd5 cxd5 32. Nb4 a3 33. Bd4 axb2+ 34. Kxb2
Bf8 35. a3 Bd6 36. g3 Rf8 37. gxf4 Rxf4 38. Qe2 Rbf8 39. Qd2 Qf7 40. Re3 Rf2 41.
Re2 Rxe2 42. Qxe2 Bf3 43. Qd3 Bxd1 44. Qxd1 Bxh2 45. a4 Bd6 46. a5 Qc7 47. a6
Qa5 48. Qb3 Bxb4 49. Qxb4 Qd8 50. Qb7+ 1-0

[Event "World Blitz 2025"]
[Site "Doha QAT"]
[Date "2025.12.29"]
[Round "1.64"]
[White "Sargsyan, Shant"]
[Black "Bilguun, Sumiya"]
[Result "1-0"]
[WhiteTitle "GM"]
[BlackTitle "GM"]
[WhiteElo "2665"]
[BlackElo "2442"]
[WhiteFideId "13306766"]
[BlackFideId "4901541"]
[EventDate "2025.12.29"]

1. d4 d5 2. Nf3 e6 3. c4 c6 4. b3 Nf6 5. e3 Nbd7 6. Bd3 b6 7. Bb2 Bb7 8. Nbd2
Be7 9. O-O O-O 10. Qe2 Rc8 11. Rad1 Qc7 12. e4 dxe4 13. Nxe4 c5 14. dxc5 Nxc5
15. Be5 Qc6 16. Nd4 Qe8 17. Nd6 Bxd6 18. Bxd6 Nce4 19. Bxf8 Nc3 20. Qd2 Nxd1 21.
Bxg7 1-0

[Event "World Blitz 2025"]
[Site "Doha QAT"]
[Date "2025.12.29"]
[Round "1.65"]
[White "Tran, Thanh Tu"]
[Black "Mitrabha, Guha"]
[Result "1/2-1/2"]
[WhiteTitle "IM"]
[BlackTitle "GM"]
[WhiteElo "2402"]
[BlackElo "2508"]
[WhiteFideId "12401404"]
[BlackFideId "5057000"]
[EventDate "2025.12.29"]

1. d4 Nf6 2. Nc3 c5 3. d5 d6 4. e4 g6 5. Nf3 Bg7 6. Bb5+ Bd7 7. a4 O-O 8. O-O
Bg4 9. Be2 Bxf3 10. Bxf3 Nbd7 11. Be2 Rb8 12. f4 Ne8 13. Bd3 a6 14. a5 Nc7 15.
Kh1 b5 16. axb6 Rxb6 17. Qe2 Qb8 18. Ra2 Nb5 19. Nxb5 axb5 20. b3 Rc8 21. Ra5 c4
22. bxc4 bxc4 23. Bxc4 Rb1 24. Rb5 Rxb5 25. Bxb5 Nc5 26. c4 Qc7 27. f5 Rf8 28.
Bg5 Be5 29. Bh6 Bg7 30. Bg5 Qa7 31. h3 Bf6 32. Bh6 Ra8 33. fxg6 hxg6 34. Be3 Qa3
35. Qf3 Nd3 36. Bg5 Bxg5 37. Qxf7+ Kh8 38. Qxg6 Bf6 39. Qh6+ Kg8 40. Qg6+ Kf8
41. Rxf6+ exf6 42. Qxf6+ Kg8 43. Qg6+ Kf8 44. Qf6+ Kg8 45. Qg6+ Kf8 1/2-1/2

[Event "World Blitz 2025"]
[Site "Doha QAT"]
[Date "2025.12.29"]
[Round "1.66"]
[White "Matlakov, Maxim"]
[Black "Nikitenko, Mihail"]
[Result "1-0"]
[WhiteTitle "GM"]
[BlackTitle "GM"]
[WhiteElo "2606"]
[BlackElo "2476"]
[WhiteFideId "4168003"]
[BlackFideId "13506862"]
[EventDate "2025.12.29"]

1. d4 Nf6 2. c4 e6 3. Nf3 h6 4. g3 Bb4+ 5. Bd2 Be7 6. Bg2 d5 7. O-O O-O 8. Nc3
c6 9. b3 Ne4 10. Be1 f5 11. Ne5 Qe8 12. f3 Nf6 13. e4 Nbd7 14. exf5 exf5 15.
cxd5 Nxd5 16. Nxd5 cxd5 17. Nd3 Bf6 18. Bf2 Nb8 19. f4 Kh7 20. Bxd5 Nc6 21. Ne5
Ne7 22. Bg2 Be6 23. Re1 Qc8 24. Rc1 Qd8 25. Bxb7 Rb8 26. Bf3 Bd5 27. Rc5 Bxf3
28. Qxf3 a5 29. d5 a4 30. Nc6 Nxc6 31. dxc6 Qd2 32. c7 Rbc8 33. Re2 Qd1+ 34. Kg2
a3 35. Rec2 Qd7 36. Qc6 Qe7 37. Qd5 Bb2 38. b4 Rfe8 39. Qxf5+ g6 40. Qd5 Qg7 41.
b5 1-0

[Event "World Blitz 2025"]
[Site "Doha QAT"]
[Date "2025.12.29"]
[Round "1.67"]
[White "Gokerkan, Cem Kaan"]
[Black "Ibarra Jerez, Jose Carlos"]
[Result "0-1"]
[WhiteTitle "GM"]
[BlackTitle "GM"]
[WhiteElo "2510"]
[BlackElo "2532"]
[WhiteFideId "6336760"]
[BlackFideId "2226332"]
[EventDate "2025.12.29"]

1. e4 c5 2. Nf3 d6 3. d4 Nf6 4. Nc3 cxd4 5. Nxd4 a6 6. Be3 Ng4 7. Bc1 Nf6 8. h3
e5 9. Nb3 Be6 10. Be3 Nc6 11. Qd2 Be7 12. g4 d5 13. exd5 Nxd5 14. Nxd5 Qxd5 15.
Qxd5 Bxd5 16. Rg1 Nb4 17. O-O-O Rc8 18. Kb1 Be4 19. Bd3 Nxd3 20. cxd3 Bg6 21.
Ka1 O-O 22. d4 Bc2 23. Rc1 exd4 24. Nxd4 Be4 25. f3 Bd5 26. Nf5 Bf6 27. g5 Rxc1+
28. Rxc1 Bd8 29. f4 f6 30. Bc5 Re8 31. Rd1 Bf3 32. Rg1 fxg5 33. fxg5 Re5 34. Nd4
Bg2 35. Bb4 Bxh3 36. Bd2 Bb6 37. Bc3 Re4 38. Rd1 Bg4 39. Rd2 0-1